(NEW) Players by Most International Events - Statistics

General Stats
  • This quiz has been taken 210 times
  • The average score is 31 of 36
Answer Stats
Hint Answer # % Correct
Fnatic Boaster 12
99%
Fnatic/Team Vitality Derke 10
99%
Paper Rex f0rsakeN 12
99%
Paper Rex Jinggg 10
99%
EDward Gaming ZmjjKK 9
99%
LOUD/Leviatán/MIBR aspas 10
98%
Gambit Esports/Fnatic Chronicle 9
98%
Envy/OpTic Gaming/NRG/Fnatic crashies 10
98%
Gambit Esports/Team Liquid nAts 8
98%
Paper Rex d4v41 12
97%
ENVY/OpTic Gaming/NRG FNS 8
96%
Vision Strikers/DRX/T1 BuZz 11
95%
EDward Gaming CHICHOO 9
94%
LOUD/Team Vitality Less 8
94%
Vision Strikers/DRX MaKo 11
94%
XSET/Sentinels zekken 8
94%
Fnatic Alfajer 9
93%
Paper Rex mindfreak 10
93%
Vision Strikers/DRX/T1 stax 10
93%
Team Vikings/LOUD/Sentinels Sacy 8
92%
Version1/Cloud9/Sentinels Zellsis 7
92%
Northeption/Gen.G/T1 Meteor 7
89%
EDward Gaming nobody 9
88%
Acend/NAVI/FUT Esports cNed 7
87%
Cloud9/G2 Esports leaf 7
87%
EDward Gaming Smoggy 9
87%
Team Liquid/BBL Esports Jamppi 7
86%
Crazy Racoon/T1/Gen.G Munchkin 10
84%
ENVY/OpTic Gaming/NRG Victor 8
80%
Team Vikings/LOUD Saadhak 9
79%
KRÜ Esports/Leviatán Mazino 9
74%
X10 Esports/XERXIA/TALON Crws 7
68%
Vision Strikers/DRX Rb 8
68%
Team Liquid soulcas 7
44%
KRÜ Esports Klaus 7
38%
KRÜ Esports NagZet 8
35%
No matching quizzes found
Score Distribution
Percent of People with Each Score
Percentile by Number Answered
Your Score History
You have not taken this quiz